Fr. Conceicao Rodrigues College of Engineering

Die Design & Die Making Practice (Record no. 21512)

MARC details
000 -LEADER
fixed length control field 00297nam a2200133Ia 4500
082 ## - DEWEY DECIMAL CLASSIFICATION NUMBER
Classification number 621.9
100 ## - MAIN ENTRY--PERSONAL NAME
Personal name Jones Franklin
245 ## - TITLE STATEMENT
Title Die Design & Die Making Practice
260 ## - PUBLICATION, DISTRIBUTION, ETC.
Name of publisher, distributor, etc. Industrial Press
Place of publication, distribution, etc. NEWYORK
Date of publication, distribution, etc. 1951
300 ## - PHYSICAL DESCRIPTION
Extent 1014
546 ## - LANGUAGE NOTE
Language note ENGLISH
654 ## - SUBJECT ADDED ENTRY--FACETED TOPICAL TERMS
Focus term Die making
942 ## - ADDED ENTRY ELEMENTS (KOHA)
Koha item type BOOK
Holdings
Withdrawn status Lost status Damaged status Not for loan Collection Home library Current library Date acquired Cost, normal purchase price Inventory number Total Checkouts Full call number Barcode Date last seen Cost, replacement price Price effective from Koha item type
        AFT Fr. Agnel's C.Rodrigues College of Engineering Fr. Agnel's C.Rodrigues College of Engineering 17/03/2023 178.50 T-43   621.9 AFT1487 17/03/2023 178.50 17/03/2023 BOOK